Opinion on the roumanian-hungarian dispute before the Council of the League of Nations, arising out of the Application to Hungarian Nationals in Transylvania of the roumanian agrarian law of 1921

Elmentve itt :
Bibliográfiai részletek
Szerző: Borchard Edwin M.
Dokumentumtípus: Cikk
Megjelent: 1921
Sorozat:Kolligátum
Kulcsszavak:Kisebbség - magyar - Románia, Jóvátételi vita - magyar-román
Online Access:http://misc.bibl.u-szeged.hu/23489
LEADER 00743nab a2200169 i 4500
001 misc23489
005 20191111110519.0
008 170804s1921 hu o 0|| zxx d
040 |a SZTE Miscellanea Repozitórium  |b hun 
041 |a zxx 
100 1 |a Borchard Edwin M. 
245 1 0 |a Opinion on the roumanian-hungarian dispute before the Council of the League of Nations, arising out of the Application to Hungarian Nationals in Transylvania of the roumanian agrarian law of 1921  |h [elektronikus dokumentum] /  |c  Borchard Edwin M. 
260 |c 1921 
300 |a 1-67 
490 0 |a Kolligátum 
695 |a Kisebbség - magyar - Románia, Jóvátételi vita - magyar-román 
856 4 0 |u http://misc.bibl.u-szeged.hu/23489/1/87591_001-067.pdf  |z Dokumentum-elérés